000 00662nam a2200253Ia 4500
003 OSt
005 20220912151200.0
006 a|||||r|||| 00| 0
007 ta
008 220909b |||||||| |||| 00| 0 eng d
024 _a20954
037 _cTextual
040 _aCSL
_beng
_cCSL
041 _aeng
082 _aB281, L9-;1
100 _aKelly F P
245 0 _aReversibility and stochastic networks
260 _aChichester
_bJohn Wiley
_c1979
300 _aviii, 230p.
_ccm.
500 _aBibliography 212-222p.
_ccm.
650 _aStochastic Process
942 _hB281, L9-;1
_cTEXL
_2CC
999 _c62957
_d62957